New energy conservation technologies and their commercialization : proceedings of an international conference, Berlin, 6-10 April, 1981 /

Bibliographic Details
Corporate Author: International Energy Agency
Other Authors: Millhone, John P., 1931-, Willis, Eric H., 1927-
Format: Book
Language:English
Published: Berlin ; New York : Springer-Verlag, 1981.
Subjects:

MARC

Tag First Indicator Second Indicator Subfields
LEADER 00000cam a22000008a 4500
001 in00000097126
005 20150924085025.0
008 811015s1981 wb ab b 10100 eng
010 |a  81018299  
020 |a 3540111247 (Berlin) 
020 |a 0387111247 (U.S.) 
035 |a (OCoLC)07924134 
035 |9 AAK9000AM 
039 0 |a 2  |b 3  |c 3  |d 3  |e 3 
040 |a DLC  |c DLC  |d TXA  |d UtOrBLW 
049 |a TXAM  |v 1 [933689]  |v 2 [933690]  |v 3 [933691] 
050 0 0 |a TJ163.27  |b  N47 
082 0 |a 621.042  |2 19 
245 0 0 |a New energy conservation technologies and their commercialization :  |b proceedings of an international conference, Berlin, 6-10 April, 1981 /  |c  edited by John P. Millhone and Eric H. Willis ; [sponsored by] International Energy Agency (IEA) ; [co-sponsoring organizations, U.S. Department of Energy [and others]]. 
263 |a 8111 
264 1 |a Berlin ;  |a New York :  |b Springer-Verlag,  |c 1981. 
300 |a 3 volumes :  |b illustrations, maps ;  |c 24 cm. 
336 |a text  |b txt  |2 rdacontent 
337 |a unmediated  |b n  |2 rdamedia 
338 |a volume  |b nc  |2 rdacarrier 
504 |a Includes bibliographical references and index. 
650 0 |a Energy conservation  |v Congresses. 
700 1 |a Millhone, John P.,  |d 1931- 
700 1 |a Willis, Eric H.,  |d 1927- 
710 2 |a International Energy Agency. 
999 |a MARS 
999 f f |s 6a2f1679-65db-3445-b19c-3e9d83102d38  |i 92072151-8734-3ded-bd7c-42bcc8c3f8bb  |t 0 
952 f f |p ric  |a Texas A&M University  |b Rellis Campus  |c Joint Library Facility  |d Remote Storage  |t 0  |e TJ163.27 N47  |h Library of Congress classification  |i unmediated -- volume  |k v.2  |m A14806041394 
952 f f |p ric  |a Texas A&M University  |b Rellis Campus  |c Joint Library Facility  |d Remote Storage  |t 0  |e TJ163.27 N47  |h Library of Congress classification  |i unmediated -- volume  |k v.3  |m A14806041409 
952 f f |p ric  |a Texas A&M University  |b Rellis Campus  |c Joint Library Facility  |d Remote Storage  |t 0  |e TJ163.27 N47  |h Library of Congress classification  |i unmediated -- volume  |k v.1  |m A14806041386 
998 f f |a TJ163.27 N47  |s v.1-v.3  |t 0  |l Remote Storage